Statistics for Florida Panthers Starting Lineup 2018-2019 Season

Click here to take the quiz!

General Stats

  • This quiz has been taken 9 times
  • The average score is 11 of 24

Answer Stats

PositionPlayerAgeBirthplace% Correct
CAleksander Barkov23Tampere, Finland
100%
LWJonathan Huberdeau25Saint-Jerome, Quebec
88%
CVincent Trocheck25Pittsburgh, Pennsylvania
88%
DAaron Ekblad22Windsor, Ontario
75%
GJames Reimer30Morweena, Manitoba
75%
DKeith Yandle32Boston, Massachusetts
63%
DMike Matheson24Montreal, Quebec
63%
GRoberto Luongo39Montreal, Quebec
63%
C/RWDenis Malgin21Olten, Switzerland
50%
CDerek MacKenzie37Sudbury, Ontario
50%
RWEvgenii Dadonov29Chelyabinsk, Russia
50%
LWMike Hoffman28Kitchener, Ontario
50%
DAlex Petrovic26Edmonton, Alberta
38%
DMacKenzie Weegar24Nepean, Ontario
38%
LWMaxim Mamin23Moskva, Russia
38%
C/RWNick Bjugstad26Minneapolis, Minnesota
38%
RWTroy Brouwer33Vancouver, BC
25%
DBogdan Kiselevich28Cherepovets, Russia
13%
RWColton Sceviour29Red Deer, Alberta
13%
LWFrank Vatrano24East Longmeadow, Massachusetts
13%
DJacob MacDonald25Brighton, Mighigan
13%
C/LWJared McCann22Stratford, Ontario
13%
DMark Pysyk26Edmonton, Alberta
13%
LWMicheal Haley32Oshawa, Ontario
13%

Score Distribution

Percentile by Number Answered

Percent of People with Each Score

Your Score History

You have not taken this quiz